000 00842cam a2200277 4500
001 ABS62306
008 000000n2000 000 0 eng u
035 _a(Sirsi) u106116
245 _aFocus 2000: West and North Yorkshire
260 _c2000
490 _aEstates Gazette
_v(0020) 20 May 2000, 83-114(13)
590 _aABS
650 _aWEST YORKSHIRE
650 _aNORTH YORKSHIRE
650 _aLEEDS
650 _aBRADFORD
650 _aLEISURE MARKET
650 _aPROPERTY-COMMERCIAL PROPERTY-RETAIL PROPERTY-RETAIL PROPERTY MARKET
650 _aPROPERTY-COMMERCIAL PROPERTY-OFFICE PROPERTY-OFFICE PROPERTY MARKET
650 _aOUT-OF-TOWN BUSINESS PARKS
650 _aYORK
650 _aHARROGATE
650 _aINDUSTRIAL MARKET
690 _aPROPERTY-COMMERCIAL PROPERTY-COMMERCIAL PROPERTY MARKET
942 _n0
999 _c63574
_d63574